Guess the Category - Statistics

General Stats
  • This quiz has been taken 68 times
  • The average score is 6 of 16
Answer Stats
Answer % Correct
Smallest Countries
96%
Highest Population
89%
Highest GDP per Capita
66%
Southernmost Countries
64%
Highest Average Elevation
53%
Newest Countries
45%
Most Oil Reserves
40%
Most International Tourists
34%
Population Density
34%
Most Muslims
32%
Most Lakes
21%
Highest Murder Rate
15%
Shortest Coastline
15%
Lowest Median Age
13%
Westernmost Countries
9%
Highest Taxes
2%
No matching quizzes found
Score Distribution
Percent of People with Each Score
Percentile by Number Answered
Your Score History
You have not taken this quiz